00856nam a22002417a 45000010005000000030006000050050017000110080041000280200018000690400029000870500016001160820008001321000022001402450052001622600037002143000050002514900019003015050008003205200197003285210029005255210020005547000040005748215FISKH20250903094438.0250903b cb ||||| |||| 00| 0 eng d a9780516245461 aFISKHbengcFISKHdFISKH aPZ7.E1315 S a463 aEastman, Patricia aSometimes things change /cBy Patricia Eastaman aNew York : bScholastic ,c1993. a30 pages : bcolor illustrations ; c18 cm .  aRookie Readers aJ  aSometimes things change from what they were at first: a caterpillar becomes a butterfly, a trickle becomes a river, a word becomes a story, a stranger becomes a friend, and a baby becomes you.8 a500 bLexile estimate 8 aJ bRaz-Plus  aHillerich, Robert L.eIllustrator